000 nam a22 a 4500
999 _c185740
_d185740
003 BLK
005 20221115163348.0
008 180411b bul|||||r ||||||| ||bul||
010 _aKNG00194734000
040 _aBLK
041 _aBUL
_cBUL
080 _aВодоснабдяване. Пречистване на водите. Вж и 627.8; 628.3; 644. Вътрешна водопроводно-канализационна мрежа вж 696.1
_b628.1
_x(035)
_z628.1(035)
100 1 _aКузуджийски, Крум В.
_eпърви автор
_985332
139 _aКузуджийски, Крум В. и др.
_bК 93
245 1 0 _aНаръчник за експлоатация на водопроводите
_cКрум В. Кузуджийски; Кузман Д. Кузмов
250 _a2. изд.
257 _aBGR
260 _aСофия
_bТехника
_c1978
_fВраца : В. Александров
300 _a303 с.
_bс ил.
_c22 см
380 _a62
500 _a1. изд. 1961.
504 _a Библиогр. с. 295-296.
650 4 _aВодопроводи - наръчници и ръководства
_9343904
653 0 _9454594
_aнаръчници и ръководства
700 1 _aКузмов, Кузман Д.
_eсъавт.
_9343903
852 _aЦб 94337
_bЦб
856 4 _qpdf
_i0.00
_ldisable
942 _cKNG
_n0
_01
_s1
944 _aCR
_c31.10.2016
_kКети_Илиева
944 _aED
_c31.10.2016
_kКети_Илиева